Fenomen bjurokratii v koncepcijach zapadnych politologov.
Úloha byrokracie u R. Michelsa. Vlastníctvo a kontrola u J. Burnhama. Politická byrokracia v socializme. Charakteristické črty teórie "formálnej organizácie" (R. Merton a i.). Typy väzieb v štruktúre a vznik neformálnej organizácie. Záujmy ako dynamizujúce činitele byrokracie. Evolúcia cieľov organi...
Guardado en:
| Autor principal: | |
|---|---|
| Formato: | Capítulo de libro |
| Lenguaje: | ruso |
| Materias: | |
| Etiquetas: |
Sin Etiquetas, Sea el primero en etiquetar este registro!
|
MARC
| LEADER | 00000naa a2200000 4500 | ||
|---|---|---|---|
| 001 | r010385 | ||
| 005 | 20221130113309.3 | ||
| 041 | 0 | |a rus | |
| 044 | |a [SU] | ||
| 245 | 1 | 0 | |a Fenomen bjurokratii v koncepcijach zapadnych politologov. |c A. Pavlov |
| 520 | |a Úloha byrokracie u R. Michelsa. Vlastníctvo a kontrola u J. Burnhama. Politická byrokracia v socializme. Charakteristické črty teórie "formálnej organizácie" (R. Merton a i.). Typy väzieb v štruktúre a vznik neformálnej organizácie. Záujmy ako dynamizujúce činitele byrokracie. Evolúcia cieľov organizácie. Faktory byrokratizácie. | ||
| 610 | 2 | 0 | |a byrokracia |
| 610 | 2 | 0 | |a politológia |
| 610 | 2 | 0 | |a socializmus |
| 610 | 2 | 0 | |a vlastníctvo |
| 610 | 2 | 0 | |a kontrola |
| 610 | 2 | 0 | |a koncepcie |
| 610 | 2 | 0 | |a teórie politické |
| 610 | 2 | 0 | |a skupiny neformálne |
| 100 | 1 | |a Pavlov, A. | |